| 000 | 01839nam1a2200337 i 4500 | ||
|---|---|---|---|
| 001 | RU\NLR\BIBL_A\010764435 | ||
| 005 | 20260406001115.0 | ||
| 010 | _a9785919611110 | ||
| 035 | _a(NLR Aleph) 010764435 | ||
| 090 |
_a9994225 _c9994225 |
||
| 100 | _a20150515g20149999um y0rusy50 ca | ||
| 101 | 0 | _arus | |
| 102 | _aRU | ||
| 105 | _a |||j|||||||| | ||
| 200 | 1 |
_aХиммотология _dChemmotology _eучебное пособие _eдля студентов высших учебных заведений, обучающихся по направлению подготовки "Химическая технология" _e[в 2 ч.] _fВ.Г. Спиркин, И.Г. Фукс, И.Р. Татур [и др. _gНац. исслед. ун-т] _zeng |
|
| 210 |
_aМосква _cИздательский центр РГУ нефти и газа _d2014 |
||
| 215 | _d24 | ||
| 300 | _aАвт. также на англ. яз.: V.G. Spirkin, I.G. Fux, I.R. Tatur et al | ||
| 300 | _aПосвящается 85-летию РГУ нефти и газа им. И.М. Губкина | ||
| 510 | 1 |
_6z48790 _aChemmotology _zeng |
|
| 606 |
_aХиммотология _jУчебные издания для высших учебных заведений _91069751 _3RU\NLR\AUTH\66416403 |
||
| 686 | 1 | _aЛ510я73-1 | |
| 701 | 1 |
_7ca _8rus _aСпиркин _bВ. Г. _f1937- _gВладимир Григорьевич _9145325 _3RU\NLR\AUTH\770145361 |
|
| 701 | 1 |
_8rus _7ca _aФукс _bИ. Г. _f1937-2010 _gИгорь Григорьевич _3RU\NLR\AUTH\77110643 _993568 |
|
| 701 | 1 |
_aТатур _bИ.Р. _gИгорь Рафаилович |
|
| 790 | 1 |
_7ba _8rus _aSpirkin _bV. G. _f1937- _gVladimir Grigor'evič _9145330 _3RU\NLR\AUTH\770145366 |
|
| 852 |
_aNLR _j2015-7/2808 |
||
| 942 | _cBOOK | ||
| 980 | _aNBR | ||